La acústica ó Los fenómenos del sonido / (Record no. 162888)

MARC details
000 -LEADER
campo de control de longitud fija 01036nam a22002655i 4500
001 - NÚMERO DE CONTROL
campo de control 162888
003 - IDENTIFICADOR DE NÚMERO DE CONTROL
campo de control ES-MaACL
005 - FECHA Y HORA DE LA ÚLTIMA TRANSACCIÓN
campo de control 20251015164452.0
008 - DATOS DE LONGITUD FIJA--INFORMACIÓN GENERAL
campo de control de longitud fija 010420s1875 fr a |||| | spa d
040 ## - FUENTE DE CATALOGACIÓN
Centro catalogador/agencia de origen CCPB | B
Lengua de catalogación spa
Centro/agencia transcriptor CCPB | B
100 1# - ENTRADA PRINCIPAL--NOMBRE DE PERSONA
Nombre de persona Radau, Rodolphe.
9 (RLIN) 131559
245 13 - MENCIÓN DEL TÍTULO
Título La acústica ó Los fenómenos del sonido /
Mención de responsabilidad, etc. por R. Radau ; traducida al español por L. García Ramón.
260 ## - PUBLICACIÓN, DISTRIBUCIÓN, ETC.
Lugar de publicación, distribución, etc. Paris :
Nombre del editor, distribuidor, etc. Librería Hachette y Cª,
Fecha de publicación, distribución, etc. 1875 (
Fabricante Tipografía Lahure)
300 ## - DESCRIPCIÓN FÍSICA
Extensión [4], 315 p. :
Otras características físicas il. ;
Dimensiones 18 cm.
490 1# - MENCIÓN DE SERIE
Mención de serie Biblioteca de las maravillas / publicada bajo la dirección de Eduardo Charton
650 #4 - PUNTO DE ACCESO ADICIONAL DE MATERIA--TÉRMINO DE MATERIA
Término de materia o nombre geográfico como elemento de entrada Acústica.
9 (RLIN) 135495
700 21 - ENTRADA AGREGADA--NOMBRE PERSONAL
Nombre de persona García Ramón, L.,
Término indicativo de función/relación
9 (RLIN) 127217
700 11 - ENTRADA AGREGADA--NOMBRE PERSONAL
Nombre de persona Charton, Edouard,
Término indicativo de función/relación
9 (RLIN) 126464
740 4# - ENTRADA AGREGADA--TÍTULO RELACIONADO/ANALÍTICO NO CONTROLADO
Título relacionado o analítico no controlado Los fenómenos del sonido.
752 ## - ENTRADA AGREGADA--NOMBRE JERÁRQUICO DEL LUGAR
País o entidad superior Francia -
Ciudad París
830 0# - PUNTO DE ACCESO ADICIONAL DE SERIE-TÍTULO UNIFORME
Título uniforme Biblioteca de las maravillas / publicada bajo la dirección de M. Eduardo Charton
9 (RLIN) 222624
852 ## - LOCALIZACIÓN
Ubicación ES-MaACL
Número de control de estantería G-9707
Nota libre -- Enc. hol.
Holdings
Estatus retirado Estado de pérdida Estado de daño No para préstamo Colección Biblioteca de origen Biblioteca actual Ubicación en estantería Fecha de adquisición Fuente de adquisición Total de préstamos Signatura topográfica completa Código de barras Visto por última vez Precio de reemplazo Tipo de ítem Koha
        Libros del s. XIX Biblioteca del Ateneo de Madrid Biblioteca del Ateneo de Madrid Sala Pecera Planta 3 17/01/2008     G-9707 1170668 23/02/2023 23/02/2023 Libro impreso antiguo